00934cam a2200241 a 4500008004100000020002200041245008600063260014700149300004000296504004100336500002000377650004700397650003800444650001800482650002900500650001700529700001700546700001700563710008500580003000100665005001700666040000900683  a0851988962 (hbk.)00aBiological control with egg parasitoids /cedited by E. Wajnberg and S.A. Hassan. aWallingford, UK :bCAB International on behalf of the International Organization for Biological Control of Noxious Animals and Plants,cc1994. axiv, 286 p. :bill. +maps ;c25 cm. aIncludes bibliographical references. aIncludes index. 0aInsects as biological pest control agents. 0aInsect pestsxBiological control. 0aTrichogramma. 0aInsect pestsxParasites. 0aParasitoids.1 aWajnberg, E.1 aHassan, S.A.2 aInternational Organization for Biological Control of Noxious Animals and Plants.20230123134025.0 cNUST